000 00804cam a22002411 4500
001 gs 19000445
003 DLC
005 20260227111324.0
008 770423s1919 dcua f000 0 eng c
010 _ags 19000445
035 _a(OCoLC)2910488
040 _aU.S. Geol. survey. Library
_cNAlfC
_dDLC
042 _apremarc
050 0 0 _aQE75
_b.B9 no. 700
100 1 _aHillebrand, W. F.
_q(William Francis),
_d1853-1925
245 0 4 _aThe analysis of silicate and carbonate rocks.
250 _aA rev. and enl. ed.
_bof Bulletin 422, by W.F. Hillebrand.
260 _aWashington,
_bGovt. Print. Off.,
_c1919.
300 _a285 p.
_billus., diagrs.
_c24 cm.
490 0 _aU.S. Geological survey. Bulletin 700
500 _aAt head of title: Department of the interior.
650 0 _aRocks
_xAnalysis
999 _c25965
_d25965